<?xml version="1.0" encoding="UTF-8"?><?xml-stylesheet type="text/xsl" href="static/style.xsl"?><OAI-PMH xmlns="http://www.openarchives.org/OAI/2.0/" xmlns:xsi="http://www.w3.org/2001/XMLSchema-instance" xsi:schemaLocation="http://www.openarchives.org/OAI/2.0/ http://www.openarchives.org/OAI/2.0/OAI-PMH.xsd"><responseDate>2026-06-01T02:21:11Z</responseDate><request verb="GetRecord" identifier="oai:docta.ucm.es:20.500.14352/119999" metadataPrefix="marc">https://docta.ucm.es/rest/oai/request</request><GetRecord><record><header><identifier>oai:docta.ucm.es:20.500.14352/119999</identifier><datestamp>2025-05-13T00:02:31Z</datestamp><setSpec>com_20.500.14352_14</setSpec><setSpec>col_20.500.14352_15</setSpec></header><metadata><record xmlns="http://www.loc.gov/MARC21/slim" xmlns:dcterms="http://purl.org/dc/terms/" xmlns:xsi="http://www.w3.org/2001/XMLSchema-instance" xmlns:doc="http://www.lyncode.com/xoai" xsi:schemaLocation="http://www.loc.gov/MARC21/slim http://www.loc.gov/standards/marcxml/schema/MARC21slim.xsd">
   <leader>00925njm 22002777a 4500</leader>
   <datafield ind2=" " ind1=" " tag="042">
      <subfield code="a">dc</subfield>
   </datafield>
   <datafield ind2=" " ind1=" " tag="720">
      <subfield code="a">Escribano Subías, María Pilar</subfield>
      <subfield code="e">author</subfield>
   </datafield>
   <datafield ind2=" " ind1=" " tag="720">
      <subfield code="a">Pérez Granda, María Jesús</subfield>
      <subfield code="e">author</subfield>
   </datafield>
   <datafield ind2=" " ind1=" " tag="720">
      <subfield code="a">Alonso Fernández, Roberto Alfonso</subfield>
      <subfield code="e">author</subfield>
   </datafield>
   <datafield ind2=" " ind1=" " tag="720">
      <subfield code="a">Catalán Alonso, Pilar</subfield>
      <subfield code="e">author</subfield>
   </datafield>
   <datafield ind2=" " ind1=" " tag="720">
      <subfield code="a">Alcalá, Luis</subfield>
      <subfield code="e">author</subfield>
   </datafield>
   <datafield ind2=" " ind1=" " tag="720">
      <subfield code="a">Serra-Rexarch, José Antonio</subfield>
      <subfield code="e">author</subfield>
   </datafield>
   <datafield ind2=" " ind1=" " tag="720">
      <subfield code="a">Osuna, Laura</subfield>
      <subfield code="e">author</subfield>
   </datafield>
   <datafield ind2=" " ind1=" " tag="720">
      <subfield code="a">Fernández, Alejandro</subfield>
      <subfield code="e">author</subfield>
   </datafield>
   <datafield ind2=" " ind1=" " tag="720">
      <subfield code="a">Conti, Aurora</subfield>
      <subfield code="e">author</subfield>
   </datafield>
   <datafield ind2=" " ind1=" " tag="720">
      <subfield code="a">Castellanos, Alberto</subfield>
      <subfield code="e">author</subfield>
   </datafield>
   <datafield ind2=" " ind1=" " tag="720">
      <subfield code="a">Guinea, Jesús</subfield>
      <subfield code="e">author</subfield>
   </datafield>
   <datafield ind2=" " ind1=" " tag="720">
      <subfield code="a">Muñoz García, Patricia Carmen</subfield>
      <subfield code="e">author</subfield>
   </datafield>
   <datafield ind2=" " ind1=" " tag="720">
      <subfield code="a">Bouza Santiago, Emilio</subfield>
      <subfield code="e">author</subfield>
   </datafield>
   <datafield ind2=" " ind1=" " tag="260">
      <subfield code="c">2022-04-11</subfield>
   </datafield>
   <datafield ind2=" " ind1=" " tag="520">
      <subfield code="a">Objective. To assess the impact of COVID-19 at nine nursing homes in Madrid, Spain, during the first wave of COVID-19 infection and lockdown period when preventive measures were taken to avoid transmission among residents.
Methods. Nine hundred forty-two residents and 846 staff members from nine nursing homes participated in the study (April 18 to June 20, 2020). All participants were tested for SARS-CoV-2 in the nasopharynx by PCR and for IgG antibodies detection. Microbiological status at sampling was defined as active infection (positive PCR ± presence of antibodies), past infection (negative PCR + presence of antibodies), or naïve participants (negative PCR + absence of antibodies).
Results. Laboratory results helped classify the residents as having active infection (n=224; 23.8%), past infection (n=462; 49.1%), or being naïve (n=256; 27.1%); staff members were actively infected (n=127; 15.1%), had had a past infection (n=290; 34.2%), or were naïve (n=429; 50.7%). Overall, the percentage of participants with COVID-19 was significantly higher in residents than in staff members (72.8% vs 49.2%; P=0.001). The clinical situation of residents vs staff at sampling was as follows: acute manifestations compatible with COVID-19 (7.3% vs 3.9%; P&lt;0.01) and no manifestations of infection (92.7% vs 96.0%; P&lt;0.01). A large proportion of both asymptomatic and symptomatic residents (69.4% vs 86.6%; P=0.015) had positive PCR results (mostly alongside positive IgG determinations).
Conclusions. COVID-19 affects 75% of the residents in nursing homes in Madrid. The high impact in these settings, despite the strict restrictions adopted during the lockdown, demonstrates the ability of SARS-CoV-2 to cause outbreaks.</subfield>
   </datafield>
   <datafield ind1="8" ind2=" " tag="024">
      <subfield code="a">Escribano P, Pérez-Granda MJ, Alonso R, Catalán P, Alcalá L, Serra-Rexarch JA, et al. High incidence of COVID-19 at nursing homes in Madrid, Spain, despite preventive measures. Revista Espanola de Quimioterapia. 2022;35(3):288-92.</subfield>
   </datafield>
   <datafield ind1="8" ind2=" " tag="024">
      <subfield code="a">0214-3429</subfield>
   </datafield>
   <datafield ind1="8" ind2=" " tag="024">
      <subfield code="a">1988-9518</subfield>
   </datafield>
   <datafield ind1="8" ind2=" " tag="024">
      <subfield code="a">10.37201/req/008.2022</subfield>
   </datafield>
   <datafield ind1="8" ind2=" " tag="024">
      <subfield code="a">https://hdl.handle.net/20.500.14352/119999</subfield>
   </datafield>
   <datafield ind1="8" ind2=" " tag="024">
      <subfield code="a">https://doi.org/10.37201/REQ/008.2022</subfield>
   </datafield>
   <datafield ind1="8" ind2=" " tag="024">
      <subfield code="a">https://seq.es/abstract/rev-esp-quimioter-2022-april-11-2/</subfield>
   </datafield>
   <datafield ind2="0" ind1="0" tag="245">
      <subfield code="a">High incidence of COVID-19 at nursing homes in Madrid, Spain, despite preventive measures</subfield>
   </datafield>
</record></metadata></record></GetRecord></OAI-PMH>